01895 2200541 4500001002100000005001500021035002000036008003900056245005700095100003000152250000600182260003200188084001400220082000800234650001000242520072900252990001200981990001200993990001201005990001201017990001201029990001201041990001201053990001201065990001201077990001201089990001201101990001201113990001201125990001201137990001201149990001201161990001201173990001201185990001201197990001201209990001201221990001201233990001201245990001201257990001201269990001201281990001201293990001201305990001201317990001201329990001201341INLIS00000000000119920240523112851 a0010-0524000434240523 | | | 1 aKetika Cinta Bertasbih 2 /cHabiburrahman El Shirazy aEl Shirazy, Habiburrahman a1 aJakarta :bRepublika,c2008 a813 HAB k a813 4aFiksi aSebuah novel bestseller di Indonesia yang sangat fenomenal! Difilimkan tahun 2009 dan menjadi box office. Jika Anda ingin membaca novel cinta berliku yang memotivasi dan mendidik, ya dwilogi Ketika Cinta Bertasbih inilah novelnya. Ini novel sungguh bergizi yang sangat menyentuh jiwa. Saya merekomendasikannya sebagai salah satu referensi sastra mendidik yang harus dibaca oleh generasi muda. ---Uswatun Hasanah, Guru Sastra. etika Cinta Bertasbih ini tidak sekadar novel romantic, ini juga novel fikih yang ditulis dalam alur cerita yang tak mudah ditebak. Kang Abik melakukan terobosan baru menjelaskan kaidah-kaidah fikih melalui novel. Salut!!!. ----KH Mifdhal Muthahhar, Pengasuh Pesantren Terpdu Al-Hikmah, Boyolali a0713829 a0713830 a0713831 a0713832 a0713833 a0713834 a0713835 a0713836 a0713837 a0713838 a0713839 a0713840 a0713841 a0713842 a0713843 a0713844 a0713845 a0713846 a0713847 a0713848 a0713849 a0713850 a0713851 a0713852 a0713853 a0713854 a0713855 a0713856 a0713857 a0713828 a0744015